00564 2200193 4500245006600000020002200066250001100088100001400099700001200113650002100125650002600146650001000172005001900182260005700201041001400258084001000272300007900282336000900361 aCarolur Linnaeus b : Bapak Taksonomi DuniacNorrattrihText a978-623-118-649-2 aCet. 1 aNorrattri aHanatri aBiografi Ilmuwan aBapak Taksonomi Dunia aEbook a20240902092140 aJakartabKementerian Pendidikan dan Kebudayaanc2023 aIndonesia a925.8 aAndika 7/12, Oregano, Abscissa, Fuzzy Bubbles iv, 108 hlm :b14 × 21 cm ; atext